Super Mario Odyssey Kingdoms - Statistics

General Stats
  • This quiz has been taken 38 times
  • The average score is 15 of 17
Answer Stats
Answer % Correct
Cap
94%
Cascade
91%
Dark Side
91%
Moon
91%
Mushroom
91%
Lake
88%
Snow
88%
Bowser's
85%
Cloud
85%
Darker Side
85%
Lost
85%
Luncheon
85%
Metro
85%
Seaside
85%
Ruined
82%
Sand
82%
Wooded
82%
No matching quizzes found
Score Distribution
Percent of People with Each Score
Percentile by Number Answered
Your Score History
You have not taken this quiz